13 vasos = 13 glasses / (Record no. 19844)

MARC details
000 -CABECERA
campo de control de longitud fija 01115nam a2200325 4500
003 - IDENTIFICADOR DEL NÚMERO DE CONTROL
campo de control OSt
005 - FECHA Y HORA DE LA ÚLTIMA TRANSACCIÓN
campo de control 20260601170956.0
008 - DATOS DE LONGITUD FIJA--INFORMACIÓN GENERAL
campo de control de longitud fija 260506b2009\\\\cc\|||||\||||\00|\0\spa\d
020 ## - NÚMERO INTERNACIONAL ESTÁNDAR DEL LIBRO
Número Internacional Estándar del Libro 9789685616188
040 ## - FUENTE DE LA CATALOGACIÓN
Centro catalogador/agencia de origen ICI
Lengua de catalogación SPA
Centro/agencia transcriptor ICI
041 ## - CÓDIGO DE LENGUA
Código de lengua del texto/banda sonora o título independiente SPA
050 ## - SIGNATURA TOPOGRÁFICA DE LA BIBLIOTECA DEL CONGRESO
Número de clasificación NK5440.D75
Número de documento/Ítem K73
100 #1 - ENTRADA PRINCIPAL--NOMBRE DE PERSONA
Nombre de persona Kramer, Michael,
Término indicativo de función/relación autor
9 (RLIN) 10639
245 #1 - MENCIÓN DE TÍTULO
Título 13 vasos = 13 glasses /
Mención de responsabilidad, etc. [textos de Michael Kramer, Héctor Rivero Borell, Julia Cooke, Javier Barreiro Cavestany]
246 #3 - FORMA VARIANTE DE TÍTULO
Título propio/Titulo breve 13 glasses
246 #3 - FORMA VARIANTE DE TÍTULO
Título propio/Titulo breve Trece vasos
246 #3 - FORMA VARIANTE DE TÍTULO
Título propio/Titulo breve Thirteen glasses
264 ## - PRODUCCIÓN, PUBLICACIÓN, DISTRIBUCIÓN, FABRICACIÓN Y COPYRIGHT
Producción, publicación, distribución, fabricación y copyright México, D.F. :
Nombre del de productor, editor, distribuidor, fabricante Arquine,
Fecha de producción, publicación, distribución, fabricación o copyright 2009
300 ## - DESCRIPCIÓN FÍSICA
Extensión 152 páginas :
Otras características físicas ilustraciones a color
336 ## - TIPO DE CONTENIDO
Término de tipo de contenido texto
Fuente rdacontent
337 ## - TIPO DE MEDIO
Nombre/término del tipo de medio sin medio
Fuente rdamedia
338 ## - TIPO DE SOPORTE
Nombre/término del tipo de soporte volumen
Fuente rdacarrier
500 ## - NOTA GENERAL
Nota general Texto en inglés y español
650 ## - PUNTO DE ACCESO ADICIONAL DE MATERIA--TÉRMINO DE MATERIA
Término de materia o nombre geográfico como elemento de entrada Vasos para beber
Subdivisión general Historia |y Siglo XXI
Subdivisión geográfica México
9 (RLIN) 30610
650 ## - PUNTO DE ACCESO ADICIONAL DE MATERIA--TÉRMINO DE MATERIA
Término de materia o nombre geográfico como elemento de entrada Cristalería
Subdivisión general Historia |y Siglo XXI
Subdivisión geográfica México
9 (RLIN) 30611
700 ## - PUNTO DE ACCESO ADICIONAL--NOMBRE DE PERSONA
Nombre de persona Rivero Borrell M., Hector,
Término indicativo de función/relación autor
9 (RLIN) 9097
700 #1 - PUNTO DE ACCESO ADICIONAL--NOMBRE DE PERSONA
Nombre de persona Cooke, Julia,
Término indicativo de función/relación autor
9 (RLIN) 30612
700 #1 - PUNTO DE ACCESO ADICIONAL--NOMBRE DE PERSONA
Nombre de persona Barreiro, Javier,
Fechas asociadas al nombre 1959
Término indicativo de función/relación autor
9 (RLIN) 30613
942 ## - ELEMENTOS DE PUNTO DE ACCESO ADICIONAL (KOHA)
Fuente del sistema de clasificación o colocación Library of Congress Classification
Tipo de ítem Koha Libros
Suprimir en OPAC 1

No items available.